000 00931nam a2200301 a 4500
001 57893
003 CO-BoRNBP
005 20250812001924.0
007 ta
008 150618s2014 ck a gr 0001j spa d
020 _a9789587731699
040 _aCO-BoBLA
_bspa
_cCO-BoBLA
043 _as-ck---
082 0 4 _aI028
_bR83j
_219
100 1 _aRueda, Claudia.
245 1 0 _aJugar con letras /
_cClaudia Rueda.
250 _a1a. edición
300 _a[40] páginas :
_bilustraciones ;
_c17 cm.
336 _2rdacontent
_atexto
_btxt
337 _2rdamedia
_asin mediación
_bn
338 _2rdacarrier
_avolumen
_bnc
650 7 _aCuentos infantiles colombianos.
_2BLAAUTO
650 7 _aLibros ilustrados para niños.
_2BLAAUTO
_92001
650 7 _aAlfabeto
_x Libros ilustrados para niños.
_2BLAAUTO
_961980
650 7 _aJuegos
_xLibros ilustrados para niños.
_2BLAAUTO
_961981
942 _2ddc
_cBK
949 _ac
_bn
999 _c57893
_d57893